000 00599nam a2200205Ia 4500
005 20250923145953.0
008 008 250917s9999 xx 000 0 eng d
037 _aTextual
040 _aDSWL
_beng
_cDSWL
041 _aeng
_2eng
084 _aL7:4:6910aY15, N93
_qDSWL
100 _aDennerstein, D.
_9840858
245 0 _aPsychological and Mental Health Aspects of Women's Health
_c by D. Dennerstein
260 _aGeneva
_b W.H.O.
_c1993
300 _aii,97 p.
365 _bGift
925 _gGift
942 _cTEXL
_hL7:4:6910aY15, N93
999 _c1457972
_d1457972